000 00461nam a2200193Ia 4500
005 20250423094728.0
008 250422s9999 xx 000 0 und d
020 _a9780131864627
050 _aQD 31.3 .C43145/
100 _aBrown; Theodore L.
245 0 _aChemistry : the central science
250 _a10th ed.
260 _aUpper Saddle River
260 _bPrentice Hall
260 _c2003
300 _a172 p
650 _aScience
942 _cBK
999 _c28119
_d28119